000 00430nam a2200181Ia 4500
008 210210b1931 xxu||||| |||| 00| 0 eng d
041 _aeng
082 _a334/43
100 _aPLEHN (C C)
245 _aIntroduction to public finance
260 _aNew York
_bThe Macmillan Company
_c1931
650 _ato
650 _apublic
650 _aIntroduction
650 _afinance
690 _aPublic Finance
906 _a004307
999 _c124162
_d124162